Statistics for Most Guessed Men's Tennis Players

Click here to take the quiz!

General Stats

  • This quiz has been taken 80 times
  • The average score is 8 of 10

Answer Stats

%# of grand slamsPlayer% Correct
9721Rafael Nadal
97%
9820Roger Federer
96%
9620Novak Djokovic
94%
7514Pete Sampras
82%
843Andy Murray
76%
7011Bjorn Borg
74%
778Andre Agassi
72%
727John McEnroe
69%
636Boris Becker
58%
681Daniil Medvedev
31%

Score Distribution

Percentile by Number Answered

Percent of People with Each Score

Your Score History

You have not taken this quiz